000
00242nam a2200097Ia 4500
001
1209026
005
20250827022857.0
008
250824s9999 xx 000 0 und d
245
0
_a
BU YALAN TANGO
_c
SELİM İLERİ
260
_b
EVEREST YAYINLARI
999
_c
1209026
_d
1209026